| 000 | 00779cam a2200181 4500 | ||
|---|---|---|---|
| 001 | WB3528-38 | ||
| 008 | 000000n1999 000 0 eng u | ||
| 035 | _a(Sirsi) u102301 | ||
| 245 | _aLandlords' safety net. | ||
| 260 | _c1999 | ||
| 490 |
_aEvening Standard _v21 July 1999, 2:42(1) |
||
| 520 | _aA proposed private member's bill, the Clients' Accounts Bill, would create a legal requirement for letting agents to hold their clients' funds in segregated bank accounts, where it would be protected if the firm failed. The Association of Residential Letting Agents (Arla) is supporting the bill. | ||
| 650 | _aRESIDENTIAL LETTING | ||
| 650 | _aLETTING AGENTS | ||
| 650 | _aMANAGEMENT-BUSINESS MANAGEMENT-FINANCIAL MANAGEMENT-ACCOUNTING | ||
| 690 | _aHOUSING | ||
| 942 | _n0 | ||
| 999 |
_c61327 _d61327 |
||